Médicos e traficantes (Record no. 185684)

MARC details
000 -LÍDER
campo de controle de tamanho fixo 00358 a2200169 4500
001 - NÚMERO DE CONTROLE
campo de controle 185684
020 ## - ISBN - INTERNATIONAL STANDARD BOOK NUMBER
ISBN - International Standard Book Number
040 ## - FONTE DA CATALOGAÇÃO
Instituição que transcreveu o registro Magnum
100 ## - ENTRADA PRINCIPAL--NOME PESSOAL
Nome pessoal Green, Gerald
240 10 - TÍTULO UNIFORME
Título uniforme Médicos e traficantes
Idioma da obra por
245 10 - TÍTULO
Título Médicos e traficantes
300 ## - DESCRIÇÃO FÍSICA
Extensão 491
362 0# - DATAS DE PUBLICAÇÃO E/OU DESIGNAÇÃO SEQUENCIAL
Datas de publicação e/ou designação sequencial 1979
440 #1 - DECLARAÇÃO DE SÉRIE/ENTRADA ADICIONADA--TÍTULO
Título Record
697 ## - ENTRADA DE ASSUNTO LOCAL--ENTIDADE COLETIVA (RLIN)
Nome corporativo ou nome da jurisdição LITERATURA GERAL ESTRANGEIRA
942 ## - ELEMENTOS DE ENTRADA ADICIONADOS (KOHA)
Tipo de material Koha Livros
Holdings
Situação do descarte Situação das perdas Situação física Não pode ser emprestado Biblioteca de origem Biblioteca atual Data de aquisição Total de empréstimos Número de chamada completo Código de barras Data de último acesso Data do preço efetivo Tipo de material Koha
        Magnum Magnum 08/06/2024   890.2.244 MAG00049262 08/06/2024 08/06/2024 Livros